| 000 | 00559nam a22001697a 4500 | ||
|---|---|---|---|
| 005 | 20231110070145.0 | ||
| 008 | 231110b |||||||| |||| 00| 0 eng d | ||
| 020 | _a9780409052251 | ||
| 041 | _aEnglish | ||
| 082 | _a346.1 SCH | ||
| 100 |
_aSchafer, L _lEnglish |
||
| 245 |
_aThe Law of Access to Children : _bA Comparative Study of South African English and Australian Law / _cL Schafer |
||
| 260 |
_aDurban : _bLexisNexis, _c2007 |
||
| 300 |
_bxi, 209 pages ; _c25 cm. |
||
| 650 |
_aLegal practice _bLaw |
||
| 942 |
_cBK _6ALISON_BN_VRIES |
||
| 999 |
_c508 _d508 |
||